[Event "Hastings Challengers 1993/94"]
[Site "Hastings"]
[Date "1994.01.06"]
[Round "9"]
[White "Arkell, Keith C"]
[Black "McNab, Colin Anderson"]
[Result "1/2-1/2"]
[WhiteElo "2475"]
[BlackElo "2490"]
[PlyCount "110"]
[EventDate "1993.12.29"]
[EventType "swiss"]
[EventRounds "9"]
[EventCountry "ENG"]
[SourceTitle "BritBase"]
[Source "John Saunders"]
[SourceDate "2025.11.18"]
[SourceVersion "1"]
[SourceVersionDate "2025.11.18"]
[SourceQuality "1"]

1. d4 d6 2. c4 e5 3. Nc3 exd4 4. Qxd4 Nf6 5. Nf3 Nc6 6. Qd2 g6 7. b3 Bg7 8. Bb2 O-O 9. g3 Bf5 10. Bg2 Re8 11. O-O Ne4 12. Nxe4 Bxe4 13. Bxg7 Kxg7 14. Nd4 Bxg2 15. Kxg2 Nxd4 16. Qxd4+ Qf6 17. Qd3 Qe5 18. e3 a5 19. Rfd1 a4 20. b4 Qe4+ 21. Qxe4 Rxe4 22. Rac1 a3 23. Kf3 Re5 24. c5 dxc5 25. bxc5 Ra5 26. c6 Rab5 27. g4 h5 28. h3 hxg4+ 29. hxg4 Re6 30. Rd3 bxc6 31. Rxa3 Rb2 32. Kg3 Rd6 33. f4 g5 34. Rc5 gxf4+ 35. exf4 f6 36. Kf3 Rdd2 37. Rxc6 Rf2+ 38. Kg3 Rg2+ 39. Kh4 Rh2+ 40. Rh3 Rxh3+ 41. Kxh3 Rxa2 42. Rxc7+ Kf8 43. Kh4 Rh2+ 44. Kg3 Re2 45. Kf3 Re1 46. Rc3 Kf7 47. Re3 Rg1 48. Re2 Kf8 49. Ke4 Rxg4 50. Kf5 Rh4 51. Ra2 Rh6 52. Ra7 Ke8 53. Rg7 Kf8 54. Rg6 Rxg6 55. Kxg6 f5 1/2-1/2

[Event "Hastings Challengers 1993/94"]
[Site "Hastings"]
[Date "1994.01.06"]
[Round "9"]
[White "Buchanan, Walter F"]
[Black "Parr, David"]
[Result "1-0"]
[WhiteElo "2155"]
[BlackElo "2335"]
[PlyCount "77"]
[EventDate "1993.12.29"]
[EventType "swiss"]
[EventRounds "9"]
[EventCountry "ENG"]
[SourceTitle "BritBase"]
[Source "John Saunders"]
[SourceDate "2025.11.18"]
[SourceVersion "1"]
[SourceVersionDate "2025.11.18"]
[SourceQuality "1"]

1. e4 c5 2. Nf3 d6 3. d4 cxd4 4. Nxd4 Nf6 5. Nc3 a6 6. Be2 e5 7. Nb3 Be7 8. f4 Qc7 9. g4 Be6 10. g5 Nfd7 11. f5 Bc4 12. Bxc4 Qxc4 13. Qd3 Qxd3 14. cxd3 Nc6 15. Nd5 Bd8 16. Be3 Ne7 17. Nxe7 Kxe7 18. Rc1 Nb6 19. Ke2 d5 20. Bc5+ Kd7 21. Bxb6 Bxb6 22. Nc5+ Ke7 23. Na4 Bd8 24. Nc3 d4 25. Nd5+ Kd6 26. h4 h6 27. f6 hxg5 28. hxg5 Rxh1 29. Rxh1 gxf6 30. gxf6 Rc8 31. Rh8 Kd7 32. Rf8 Rc2+ 33. Kf3 Rxb2 34. Rxf7+ Ke8 35. Rh7 Bxf6 36. Nxf6+ Kd8 37. Kg4 b5 38. Kf5 Rxa2 39. Kxe5 {Source: primary source not known - it wasn't in the bulletin but appears on Mega Database 2022} 1-0

[Event "Hastings Challengers 1993/94"]
[Site "Hastings"]
[Date "1994.01.06"]
[Round "9"]
[White "Cooper, Lawrence"]
[Black "Thompson, Ian D"]
[Result "1/2-1/2"]
[WhiteElo "2310"]
[BlackElo "2184"]
[PlyCount "35"]
[EventDate "1993.12.29"]
[EventType "swiss"]
[EventRounds "9"]
[EventCountry "ENG"]
[SourceTitle "BritBase"]
[Source "John Saunders"]
[SourceDate "2025.11.18"]
[SourceVersion "1"]
[SourceVersionDate "2025.11.18"]
[SourceQuality "1"]

1. e4 e6 2. d4 d5 3. Nd2 Nf6 4. e5 Nfd7 5. f4 c5 6. c3 Nc6 7. Ndf3 Qb6 8. h4 cxd4 9. cxd4 f5 10. h5 Be7 11. Ne2 Nf8 12. Kf2 Bd7 13. Rb1 O-O-O 14. Be3 h6 15. b4 Kb8 16. a3 Rc8 17. Qb3 g5 18. hxg6 {Source: Ian Thompson} 1/2-1/2

[Event "Hastings Challengers 1993/94"]
[Site "Hastings"]
[Date "1994.01.06"]
[Round "9"]
[White "Jackson, Oliver A"]
[Black "Beaton, Kenneth S"]
[Result "1-0"]
[WhiteElo "2235"]
[BlackElo "2115"]
[Annotator "steve"]
[PlyCount "63"]
[EventDate "1993.12.29"]
[EventType "swiss"]
[EventRounds "9"]
[EventCountry "ENG"]
[SourceTitle "BritBase"]
[Source "John Saunders"]
[SourceDate "2025.11.18"]
[SourceVersion "1"]
[SourceVersionDate "2025.11.18"]
[SourceQuality "1"]

1. e4 e6 2. d4 d5 3. Nc3 Nf6 4. e5 Nfd7 5. f4 c5 6. Nf3 Nc6 7. Bd3 cxd4 8. Ne2 Bc5 9. O-O O-O 10. Qe1 f5 11. a3 a5 12. Kh1 a4 13. g4 g6 14. Rg1 Kh8 15. Ng5 Qe7 16. Qg3 Rg8 17. Bd2 Nd8 18. Rg2 fxg4 19. Qxg4 Nf8 20. Rag1 b6 21. Be1 Ba6 22. Bh4 Qc7 23. Nf3 Be7 24. Nexd4 Qd7 25. Bxa6 Rxa6 26. Bf6+ Bxf6 27. exf6 Qf7 28. Qh4 Ra7 29. Ne5 Qe8 30. f5 exf5 31. Re2 Nf7 32. Nxg6+ {Source: O A Jackson, "Forever a 180", p.178. Contributed by Steve Giddins, 7 January 2025.} 1-0

[Event "Hastings Challengers 1993/94"]
[Site "Hastings"]
[Date "1994.01.06"]
[Round "9"]
[White "James, Geoffrey H"]
[Black "Moss, Robin BW"]
[Result "0-1"]
[WhiteElo "2220"]
[BlackElo "2285"]
[PlyCount "82"]
[EventDate "1993.12.29"]
[EventType "swiss"]
[EventRounds "9"]
[EventCountry "ENG"]
[SourceTitle "Denman Collection"]
[Source "Brian Denman"]
[SourceDate "2023.11.29"]
[SourceVersion "1"]
[SourceVersionDate "2023.11.29"]
[SourceQuality "1"]

1. e4 e5 2. Nf3 d6 3. Bc4 Be7 4. d4 exd4 5. Nxd4 Nf6 6. Nc3 O-O 7. O-O a6 8. a4 Nc6 9. Nxc6 bxc6 10. Qd3 Nd7 11. f4 Nc5 12. Qe2 Rb8 13. Be3 Nxe4 14. Nxe4 d5 15. Rad1 Qe8 16. Nc5 $1 dxc4 17. Qxc4 Bf5 18. b3 a5 19. Na6 Be6 20. Qe4 Rc8 21. f5 Bd5 22. Qg4 Bd6 23. Bd4 f6 24. Rfe1 h5 25. Qh3 Qd7 26. c4 Bf7 27. Nc5 Qd8 28. Nb7 Qd7 29. Nc5 Qd8 30. Nb7 (30. Ne6 Bxe6 31. fxe6 Qe8 32. Bc3 Ra8 33. Kh1 $16) (30. Ne4 $1 Re8 31. c5 $1 Bd5 32. Nxf6+ gxf6 33. cxd6 $18) 30... Qd7 31. Bf2 Rce8 32. Qf3 Rxe1+ 33. Bxe1 Re8 34. c5 Rxe1+ $1 35. Rxe1 Be5 36. Rd1 Bd5 37. Qxh5 Qe7 38. Qg4 Bc3 39. Qf4 Qe2 40. Qf1 Bd4+ $1 41. Kh1 $4 Bxg2+ {Source: G H James.} 0-1

[Event "Hastings Challengers 1993/94"]
[Site "Hastings"]
[Date "1994.01.06"]
[Round "9"]
[White "Krasenkova, Ilena"]
[Black "McDonald, Neil R"]
[Result "0-1"]
[WhiteElo "2250"]
[BlackElo "2395"]
[PlyCount "92"]
[EventDate "1993.12.29"]
[EventType "swiss"]
[EventRounds "9"]
[EventCountry "ENG"]
[SourceTitle "BritBase"]
[Source "John Saunders"]
[SourceDate "2025.11.18"]
[SourceVersion "1"]
[SourceVersionDate "2025.11.18"]
[SourceQuality "1"]

1. d4 Nf6 2. c4 g6 3. Nc3 Bg7 4. e4 d6 5. h3 O-O 6. Nf3 Na6 7. Bg5 Qe8 8. Be2 e5 9. d5 h6 10. Be3 Nh5 11. Nh2 f5 12. Bxh5 gxh5 13. f3 Qg6 14. Qe2 fxe4 15. fxe4 Qg3+ 16. Kd2 Bd7 17. Raf1 Rxf1 18. Nxf1 Qg6 19. Rg1 c6 20. g4 hxg4 21. hxg4 Nc5 22. Qg2 cxd5 23. cxd5 Rc8 24. g5 h5 25. Bxc5 Rxc5 26. Ne3 Rc8 27. Rf1 Rf8 28. Rg1 Rf4 29. Qe2 h4 30. a4 h3 31. b4 Qh7 32. Qe1 Qh5 33. Qe2 Qh4 34. Qe1 Rxe4 35. Nxe4 Qxe4 36. Qb1 Qd4+ 37. Ke2 h2 38. Rh1 Bg4+ 39. Nxg4 Qxg4+ 40. Kf2 e4 41. Qd1 Bd4+ 42. Qxd4 Qf3+ 43. Ke1 Qxh1+ 44. Kd2 Qg2+ 45. Kc3 h1=Q 46. Qxa7 Qc1+ 0-1

[Event "Hastings Challengers 1993/94"]
[Site "Hastings"]
[Date "1994.01.06"]
[Round "9"]
[White "Kumaran, Dharshan"]
[Black "Duncan, Christopher R"]
[Result "1-0"]
[WhiteElo "2425"]
[BlackElo "2280"]
[PlyCount "78"]
[EventDate "1993.12.29"]
[EventType "swiss"]
[EventRounds "9"]
[EventCountry "ENG"]
[SourceTitle "BritBase"]
[Source "John Saunders"]
[SourceDate "2025.11.18"]
[SourceVersion "1"]
[SourceVersionDate "2025.11.18"]
[SourceQuality "1"]

1. d4 d5 2. c4 dxc4 3. Nf3 Nf6 4. e3 e6 5. Bxc4 c5 6. O-O a6 7. a4 Nc6 8. Nc3 Qc7 9. Qe2 Bd6 10. Bd2 O-O 11. Rac1 Re8 12. h3 Bd7 13. Bd3 cxd4 14. exd4 g6 15. Ne4 Nxe4 16. Qxe4 Qd8 17. Bg5 Be7 18. Qh4 Nb4 19. Be4 Bc6 20. Bxc6 Nxc6 21. Rfd1 h5 22. Qf4 Qd5 23. Bxe7 Rxe7 24. Rc5 Qb3 25. Re1 Rd8 26. Qh6 Rd5 27. Ng5 Red7 28. Ne4 f5 29. Nf6+ Kf7 30. Nxd7 Rxd7 31. Qh7+ Ke8 32. Qg8+ Ke7 33. d5 Nd4 34. Rc8 Kf6 35. Rxe6+ Nxe6 36. Qxe6+ Kg5 37. Qxd7 Qd1+ 38. Kh2 Qe1 39. Re8 Qxf2 1-0

[Event "Hastings Challengers 1993/94"]
[Site "Hastings"]
[Date "1994.01.06"]
[Round "9"]
[White "Lalic, Susan Kathryn"]
[Black "Thomas, Nicholas"]
[Result "1-0"]
[WhiteElo "2335"]
[BlackElo "2235"]
[PlyCount "43"]
[EventDate "1993.12.29"]
[EventType "swiss"]
[EventRounds "9"]
[EventCountry "ENG"]
[SourceTitle "BritBase"]
[Source "John Saunders"]
[SourceDate "2025.11.18"]
[SourceVersion "1"]
[SourceVersionDate "2025.11.18"]
[SourceQuality "1"]

1. e4 e6 2. d4 d5 3. Nc3 Bb4 4. e5 c5 5. Qg4 Ne7 6. Nf3 Nbc6 7. a3 Ba5 8. dxc5 Bxc3+ 9. bxc3 Qc7 10. Qxg7 Rg8 11. Qf6 Bd7 12. Bd3 O-O-O 13. Bf4 Ng6 14. Bg3 Qa5 15. O-O Qxc3 16. Rab1 Qxc5 17. Ng5 Na5 18. Qxf7 Nxe5 19. Nxe6 Qd6 20. Bxe5 Bxe6 21. Bxd6 Bxf7 22. Bf5+ 1-0

[Event "Hastings Challengers 1993/94"]
[Site "Hastings"]
[Date "1994.01.06"]
[Round "9"]
[White "Paschall, William M"]
[Black "Shaw, John Kerr"]
[Result "0-1"]
[WhiteElo "2215"]
[BlackElo "2270"]
[PlyCount "96"]
[EventDate "1993.12.29"]
[EventType "swiss"]
[EventRounds "9"]
[EventCountry "ENG"]
[SourceTitle "BritBase"]
[Source "John Saunders"]
[SourceDate "2025.11.18"]
[SourceVersion "1"]
[SourceVersionDate "2025.11.18"]
[SourceQuality "1"]

1. d4 d5 2. c4 Bf5 3. Nc3 e6 4. Nf3 c6 5. cxd5 exd5 6. Bg5 Be7 7. Bxe7 Qxe7 8. e3 Nf6 9. Be2 O-O 10. O-O a5 11. Rc1 Nbd7 12. Nd2 Rfe8 13. Na4 Ne4 14. Nxe4 Bxe4 15. Nc3 Bf5 16. Bg4 Bxg4 17. Qxg4 Nb6 18. Nb1 Qb4 19. Rc2 Re6 20. Nd2 a4 21. a3 Qd6 22. Qg3 Qe7 23. Rc3 Re8 24. Re1 Rg6 25. Qf4 Qd7 26. f3 f5 27. Re2 Rd6 28. h4 g6 29. Re1 Rde6 30. Kf2 Nc8 31. h5 Qd6 32. Qxd6 Nxd6 33. hxg6 hxg6 34. g3 b5 35. Rc5 Rb8 36. Re2 Rb6 37. Nb1 Nc4 38. Nc3 Nd6 39. Na2 Kf7 40. Nb4 Nc4 41. Nd3 g5 42. f4 g4 43. Ne5+ Ke7 44. Nxc4 bxc4 45. Ra5 Rh6 46. Kg2 c3 47. bxc3 Rb1 48. Rxa4 Rbh1 0-1

[Event "Hastings Challengers 1993/94"]
[Site "Hastings"]
[Date "1994.01.06"]
[Round "9"]
[White "Rossiter, Philip J"]
[Black "Wilson, Jonathan G"]
[Result "1-0"]
[WhiteElo "2330"]
[BlackElo "2225"]
[PlyCount "83"]
[EventDate "1993.12.29"]
[EventType "swiss"]
[EventRounds "9"]
[EventCountry "ENG"]
[SourceTitle "BritBase"]
[Source "John Saunders"]
[SourceDate "2025.11.18"]
[SourceVersion "1"]
[SourceVersionDate "2025.11.18"]
[SourceQuality "1"]

1. d4 f5 2. g3 Nf6 3. Bg2 g6 4. Nf3 Bg7 5. O-O O-O 6. c4 d6 7. Nc3 Qe8 8. d5 Na6 9. Nd4 Bd7 10. Rb1 c6 11. e3 Nc7 12. b4 e5 13. dxe6 Nxe6 14. b5 Nc5 15. bxc6 bxc6 16. Ba3 Ng4 17. Nde2 Qe6 18. Bxc5 dxc5 19. Na4 Be8 20. Nxc5 Qxc4 21. Rc1 Qxa2 22. Nd4 Bxd4 23. Qxd4 Qf7 24. Rfd1 Qf6 25. Qb4 Qe7 26. Qc3 Nf6 27. Rb1 Ne4 28. Nxe4 fxe4 29. Rd4 Qf6 30. Qc2 Bf7 31. Bxe4 Rac8 32. Rd7 Bd5 33. Bxd5+ cxd5 34. Qa2 Rf7 35. Rxa7 Kg7 36. Rxf7+ Qxf7 37. Rd1 Rd8 38. e4 Qf3 39. Rxd5 Rc8 40. Rd7+ Kf8 41. Qa1 Ke8 42. Rxh7 1-0

[Event "Hastings Challengers 1993/94"]
[Site "Hastings"]
[Date "1994.01.06"]
[Round "9"]
[White "Sher, Miron Naumovich"]
[Black "Lalic, Bogdan"]
[Result "1-0"]
[WhiteElo "2535"]
[BlackElo "2520"]
[PlyCount "153"]
[EventDate "1993.12.29"]
[EventType "swiss"]
[EventRounds "9"]
[EventCountry "ENG"]
[SourceTitle "BritBase"]
[Source "John Saunders"]
[SourceDate "2025.11.18"]
[SourceVersion "1"]
[SourceVersionDate "2025.11.18"]
[SourceQuality "1"]

1. c4 e5 2. g3 g6 3. d4 d6 4. Nf3 Bg7 5. Bg2 Nd7 6. Nc3 Ngf6 7. O-O O-O 8. e4 c6 9. h3 Qb6 10. b3 exd4 11. Na4 Qd8 12. Nxd4 Re8 13. Nc3 Nc5 14. Re1 a5 15. Bf4 Nh5 16. Be3 Nf6 17. Qc2 Bd7 18. Rad1 Qc7 19. Re2 Rad8 20. a3 Qc8 21. Kh2 Re5 22. g4 Bxg4 23. hxg4 Qxg4 24. Nf3 Nfxe4 25. Nxe4 Nxe4 26. Nxe5 Bxe5+ 27. Kg1 Nc3 28. Red2 Nxd1 29. Qxd1 Qh4 30. Rd3 a4 31. Bd4 Qh2+ 32. Kf1 Bxd4 33. Rxd4 axb3 34. Qxb3 Re8 35. Rd1 Qf4 36. Qd3 h5 37. Qd4 Qxd4 38. Rxd4 Re6 39. Bh3 f5 40. Bg2 Kf7 41. Rd3 g5 42. a4 g4 43. a5 f4 44. a6 bxa6 45. Bxc6 Ke7 46. Bd5 Re5 47. Ra3 h4 48. Rxa6 h3 49. Ra7+ Kf6 50. Rf7+ Kg5 51. Rg7+ Kh4 52. Rh7+ Rh5 53. Rxh5+ Kxh5 54. Kg1 Kh4 55. Kh2 Kg5 56. f3 g3+ 57. Kxh3 Kf6 58. Be4 Ke5 59. Bd3 Kf6 60. Be2 Kf5 61. Bd3+ Kf6 62. Bf1 Kg5 63. Bg2 Kh5 64. Bh1 Kg5 65. Kg2 Kf5 66. Kf1 Ke5 67. Ke2 Kd4 68. Kd2 Kxc4 69. Bg2 Kd4 70. Bf1 d5 71. Bg2 Kc4 72. Bh3 d4 73. Bf1+ Kc5 74. Kd3 Kd5 75. Bh3 Kc5 76. Bg2 Kd5 77. Bf1 1-0

[Event "Hastings Challengers 1993/94"]
[Site "Hastings"]
[Date "1994.01.06"]
[Round "9"]
[White "Summerscale, Aaron P"]
[Black "Ferguson, Mark"]
[Result "1-0"]
[WhiteElo "2440"]
[BlackElo "2195"]
[PlyCount "43"]
[EventDate "1993.12.29"]
[EventType "swiss"]
[EventRounds "9"]
[EventCountry "ENG"]
[SourceTitle "BritBase"]
[Source "John Saunders"]
[SourceDate "2025.11.18"]
[SourceVersion "1"]
[SourceVersionDate "2025.11.18"]
[SourceQuality "1"]

1. d4 d5 2. c4 c6 3. Nf3 Nf6 4. Nc3 dxc4 5. a4 Bf5 6. e3 e6 7. Bxc4 Bb4 8. O-O Nbd7 9. Qe2 Bg6 10. e4 Bxc3 11. bxc3 Nxe4 12. Ba3 Qc7 13. Rfc1 O-O-O 14. a5 Rhe8 15. a6 b6 16. Nh4 Nd6 17. Bb3 e5 18. Nxg6 hxg6 19. Qg4 Nf5 20. Bxf7 Rh8 21. Bxg6 Nh6 22. Qe6 1-0

[Event "Hastings Challengers 1993/94"]
[Site "Hastings"]
[Date "1994.01.06"]
[Round "9"]
[White "Wells, Peter K"]
[Black "Ledger, Andrew J"]
[Result "1-0"]
[WhiteElo "2455"]
[BlackElo "2375"]
[PlyCount "53"]
[EventDate "1993.12.29"]
[EventType "swiss"]
[EventRounds "9"]
[EventCountry "ENG"]
[SourceTitle "BritBase"]
[Source "John Saunders"]
[SourceDate "2025.11.18"]
[SourceVersion "1"]
[SourceVersionDate "2025.11.18"]
[SourceQuality "1"]

1. d4 g6 2. e4 Bg7 3. c4 d6 4. Nc3 e5 5. Nf3 exd4 6. Nxd4 Ne7 7. h4 O-O 8. h5 c5 9. Ndb5 Nbc6 10. Bg5 Qa5 11. Qxd6 a6 12. Bf6 Nf5 13. exf5 Re8+ 14. Be2 Bxf5 15. Bxg7 Rad8 16. Qf4 Kxg7 17. Nd6 Re5 18. Nxb7 Qb4 19. Nxd8 Rxe2+ 20. Kf1 Qxb2 21. h6+ Kg8 22. Rb1 Qxc3 23. Nxc6 Qd3 24. Rb8+ Re8+ 25. Kg1 Bd7 26. Rxe8+ Bxe8 27. Qf6 1-0

[Event "Hastings Challengers 1993/94"]
[Site "Hastings"]
[Date "1994.01.06"]
[Round "9"]
[White "Yakovich, Yuri"]
[Black "Conquest, Stuart C"]
[Result "1/2-1/2"]
[WhiteElo "2525"]
[BlackElo "2485"]
[PlyCount "158"]
[EventDate "1993.12.29"]
[EventType "swiss"]
[EventRounds "9"]
[EventCountry "ENG"]
[SourceTitle "BritBase"]
[Source "John Saunders"]
[SourceDate "2025.11.18"]
[SourceVersion "1"]
[SourceVersionDate "2025.11.18"]
[SourceQuality "1"]

1. d4 e6 2. c4 Bb4+ 3. Nd2 b6 4. a3 Bxd2+ 5. Qxd2 Bb7 6. e3 d6 7. Ne2 Nd7 8. Nc3 Ne7 9. f3 O-O 10. Be2 f5 11. b4 Ng6 12. O-O Rf7 13. Bb2 Qg5 14. Rf2 Nf6 15. Re1 Re8 16. Bd1 Nh5 17. Bc1 Qd8 18. Ba4 Ref8 19. c5 Kh8 20. Bb3 Rf6 21. d5 e5 22. c6 Ba6 23. f4 R6f7 24. b5 Bc8 25. Bc4 Re8 26. g3 Nf6 27. Bb2 Ne4 28. Nxe4 fxe4 29. fxe5 Rxf2 30. Qxf2 Nxe5 31. Bxe5 Rxe5 32. Rf1 Rf5 33. Qg2 Qe7 34. Rxf5 Bxf5 35. g4 Bg6 36. Qf2 h6 37. Qf4 Qh4 38. Bf1 Qe1 39. Qf8+ Kh7 40. Qf2 Qd1 41. Qf4 Qxd5 42. h4 h5 43. Be2 hxg4 44. Qxg4 Qf5 45. Qxf5 Bxf5 46. Kf2 g5 47. hxg5 Kg6 48. Ke1 Kxg5 49. Kd2 Kf6 50. Kc3 Ke5 51. Kb4 Be6 52. Bf1 Ba2 53. Be2 Bb1 54. Kc4 Kf5 55. Kd4 Bc2 56. Bf1 Ba4 57. Bh3+ Kf6 58. Bf1 Bc2 59. Be2 d5 60. Bf1 Ke6 61. Be2 Kd6 62. Kc3 Bb1 63. Kd4 Ba2 64. Bd1 Bc4 65. a4 Ba2 66. Bc2 Ke6 67. Bd1 Kf5 68. Bc2 Kg4 69. Bd1+ Kf5 70. Bc2 Kf6 71. Bd1 Ke6 72. Bc2 Kd6 73. Bd1 Bc4 74. Bc2 a6 75. bxa6 Kxc6 76. Bxe4 Bxa6 77. Bxd5+ Kd6 78. Bb3 c5+ 79. Kc3 Ke5 1/2-1/2